=LDR 00000nam 2200000 4500 =001 NUTBA000000000001415 =005 20140424141843.0 =006 =007 =008 =035 ##$$a 0010-041400000000685 =082 ##$$a 028.5 =090 ##$$a 028.5 $b war w =100 ##$$a dorling kindersley $t belajar mengenal warna =245 ##$$a belajar mengenal warna =260 ##$$a Jakarta $b periplus $c 1993 =300 ##$$a 17 hlm $b illus $c 20 cm =850 ##$$a NBPBMAT =990 ##$$a 21195109/BPAP-NTB/2014